|
|
|
|
| LEADER |
00000nam0a2200000 4500 |
| 001 |
51209 |
| 005 |
20231031035022.0 |
| 035 |
|
|
|a (RuTPU)RU\TPU\book\53612
|
| 090 |
|
|
|a 51209
|
| 100 |
|
|
|a 20030428d1983 km y0rusy50 ca
|
| 101 |
0 |
|
|a rus
|
| 102 |
|
|
|a RU
|
| 105 |
|
|
|a a g 001zy
|
| 200 |
1 |
|
|a Монтаж приборов, средств автоматизации и слаботочных устройств
|f А. С. Клюев, С. В. Кошелев, Ю. К. Осипенко, Н. Г. Рожков
|g Под ред. А. С. Клюева
|
| 205 |
|
|
|a 2-е изд., перераб. и доп.
|
| 210 |
|
|
|a Москва
|c Стройиздат
|d 1983
|
| 215 |
|
|
|a 640 с.
|c ил.
|
| 225 |
1 |
|
|a Справочник строителя
|
| 320 |
|
|
|a Библиогр.: с. 633
|
| 320 |
|
|
|a Предм. указ.: с. 634-637
|
| 610 |
1 |
|
|a электротехника
|
| 610 |
1 |
|
|a электромонтажные работы
|
| 610 |
1 |
|
|a слаботочная техника
|
| 610 |
1 |
|
|a средства автоматизации
|
| 610 |
1 |
|
|a приборы
|
| 610 |
1 |
|
|a монтаж
|
| 610 |
1 |
|
|a материалы
|
| 610 |
1 |
|
|a оборудование
|
| 610 |
1 |
|
|a монтажные работы
|
| 610 |
1 |
|
|a изделия
|
| 610 |
1 |
|
|a справочники
|
| 675 |
|
|
|a 621.31.002.72(035)
|v 3
|
| 701 |
|
1 |
|a Клюев
|b А. С.
|g Анатолий Степанович
|
| 701 |
|
1 |
|a Кошелев
|b С. В.
|g Сергей Владимирович
|
| 701 |
|
1 |
|a Осипенко
|b Ю. К.
|g Юрий Константинович
|
| 701 |
|
1 |
|a Рожков
|b Н. Г.
|g Николай Георгиевич
|
| 702 |
|
1 |
|a Клюев
|b А. С.
|g Анатолий Степанович
|4 340
|
| 801 |
|
1 |
|a RU
|b 63413507
|c 20030428
|g PSBO
|
| 801 |
|
2 |
|a RU
|b 63413507
|c 20150424
|g PSBO
|
| 942 |
|
|
|c BK
|